The Boundary Element Method in Geophysical Survey

This volume is devoted to the application of the integral equations method (IEM) and boundary elements method (BEM) to problems involving the sounding of geological media using direct current (DC). Adaptive mesh generation algorithms and numerical methods for solving a system of integral equations a...

Full description

Bibliographic Details
Main Authors: Mukanova, Balgaisha (Author, http://id.loc.gov/vocabulary/relators/aut), Modin, Igor (http://id.loc.gov/vocabulary/relators/aut)
Corporate Author: SpringerLink (Online service)
Format: Electronic eBook
Language:English
Published: Cham : Springer International Publishing : Imprint: Springer, 2018.
Edition:1st ed. 2018.
Series:Innovation and Discovery in Russian Science and Engineering,
Subjects:
Online Access:Full Text via HEAL-Link
LEADER 04118nam a2200553 4500
001 978-3-319-72908-4
003 DE-He213
005 20200305154258.0
007 cr nn 008mamaa
008 180212s2018 gw | s |||| 0|eng d
020 |a 9783319729084  |9 978-3-319-72908-4 
024 7 |a 10.1007/978-3-319-72908-4  |2 doi 
040 |d GrThAP 
050 4 |a QC801-809 
072 7 |a PHVG  |2 bicssc 
072 7 |a SCI032000  |2 bisacsh 
072 7 |a PHVG  |2 thema 
082 0 4 |a 550  |2 23 
082 0 4 |a 526.1  |2 23 
100 1 |a Mukanova, Balgaisha.  |e author.  |4 aut  |4 http://id.loc.gov/vocabulary/relators/aut 
245 1 4 |a The Boundary Element Method in Geophysical Survey  |h [electronic resource] /  |c by Balgaisha Mukanova, Igor Modin. 
250 |a 1st ed. 2018. 
264 1 |a Cham :  |b Springer International Publishing :  |b Imprint: Springer,  |c 2018. 
300 |a XII, 154 p. 36 illus.  |b online resource. 
336 |a text  |b txt  |2 rdacontent 
337 |a computer  |b c  |2 rdamedia 
338 |a online resource  |b cr  |2 rdacarrier 
347 |a text file  |b PDF  |2 rda 
490 1 |a Innovation and Discovery in Russian Science and Engineering,  |x 2520-8047 
505 0 |a Chap1: Introduction -- Chap2: Mathematical background -- Chap3: Electrical Survey Technique and Mathematical Models -- Chap4: The Boundary Element Method (BEM) in ERT Direct and Inverse Problems -- Chap5: BEM in the Sounding of Media with Ground Surface Relief. Chap6: Conclusions and Future Directions of Research. 
520 |a This volume is devoted to the application of the integral equations method (IEM) and boundary elements method (BEM) to problems involving the sounding of geological media using direct current (DC). Adaptive mesh generation algorithms and numerical methods for solving a system of integral equations are discussed. Integral equations for the media, which contains piecewise linear contact boundaries, immersed local inclusions, and subsurface relief, are derived and solved numerically. Both 2.5D and 3D models with ground surface relief are considered. For 2D conductivity distributions, the influence of the relief on the interpretation of results is shown. Search solutions of the direct problem with ground surface relief are compared using the appropriate interpretation of results based on different inversion programs. Describes in detail the application of the BEM and IEM to 2.5D direct problems using ERT for geological media with a complex structure and having a large number of internal contact boundaries; Provides algorithms of grid generation of the boundaries that are adapted to the geometry of the media, the surface relief and the measurements of electrode arrays; Discusses the application of the BEM to 3D sounding problems using the ERT method; Illustrates the applications of inversion programs to synthetic data generated using the BEM in comparison with the original model and discusses the quality of the associated interpretation. 
650 0 |a Geophysics. 
650 0 |a Partial differential equations. 
650 0 |a Electronics. 
650 0 |a Microelectronics. 
650 1 4 |a Geophysics/Geodesy.  |0 http://scigraph.springernature.com/things/product-market-codes/G18009 
650 2 4 |a Partial Differential Equations.  |0 http://scigraph.springernature.com/things/product-market-codes/M12155 
650 2 4 |a Geophysics and Environmental Physics.  |0 http://scigraph.springernature.com/things/product-market-codes/P32000 
650 2 4 |a Electronics and Microelectronics, Instrumentation.  |0 http://scigraph.springernature.com/things/product-market-codes/T24027 
700 1 |a Modin, Igor.  |e author.  |4 aut  |4 http://id.loc.gov/vocabulary/relators/aut 
710 2 |a SpringerLink (Online service) 
773 0 |t Springer eBooks 
776 0 8 |i Printed edition:  |z 9783319729077 
776 0 8 |i Printed edition:  |z 9783319729091 
776 0 8 |i Printed edition:  |z 9783319892221 
830 0 |a Innovation and Discovery in Russian Science and Engineering,  |x 2520-8047 
856 4 0 |u https://doi.org/10.1007/978-3-319-72908-4  |z Full Text via HEAL-Link 
912 |a ZDB-2-EES 
950 |a Earth and Environmental Science (Springer-11646)